000 00305nam a22001337a 4500
008 170718b xxu||||| |||| 00| 0 eng d
020 _a002684180782
041 _aeng
080 _22ND
_a2
100 _a24
101 _aTEO
245 _aTHE RELIGIOUS EXPERIENCE OF MANKING
_cSMART, N
942 _2udc
_cBK
999 _c21466
_d21466